<?xml version="1.0" encoding="UTF-8"?>
<record
    xmlns:xsi="http://www.w3.org/2001/XMLSchema-instance"
    xsi:schemaLocation="http://www.loc.gov/MARC21/slim http://www.loc.gov/standards/marcxml/schema/MARC21slim.xsd"
    xmlns="http://www.loc.gov/MARC21/slim">

  <leader>03089cam a22004814a 4500</leader>
  <controlfield tag="001">6700122</controlfield>
  <controlfield tag="003">OSt</controlfield>
  <controlfield tag="005">20180117090003.0</controlfield>
  <controlfield tag="008">070215s2007    nyuab    b    001 0 eng  </controlfield>
  <datafield tag="010" ind1=" " ind2=" ">
    <subfield code="a">  2007271322</subfield>
  </datafield>
  <datafield tag="015" ind1=" " ind2=" ">
    <subfield code="a">GBA742256</subfield>
    <subfield code="2">bnb</subfield>
  </datafield>
  <datafield tag="016" ind1="7" ind2=" ">
    <subfield code="a">013749262</subfield>
    <subfield code="2">Uk</subfield>
  </datafield>
  <datafield tag="020" ind1=" " ind2=" ">
    <subfield code="a">9788126552344 (alk. paper)</subfield>
  </datafield>
  <datafield tag="020" ind1=" " ind2=" ">
    <subfield code="a">0471794686 (alk. paper)</subfield>
  </datafield>
  <datafield tag="029" ind1="1" ind2=" ">
    <subfield code="a">YDXCP</subfield>
    <subfield code="b">2478722</subfield>
  </datafield>
  <datafield tag="029" ind1="1" ind2=" ">
    <subfield code="a">NZ1</subfield>
    <subfield code="b">11220940</subfield>
  </datafield>
  <datafield tag="029" ind1="1" ind2=" ">
    <subfield code="a">NZ1</subfield>
    <subfield code="b">11190505</subfield>
  </datafield>
  <datafield tag="029" ind1="1" ind2=" ">
    <subfield code="a">NLGGC</subfield>
    <subfield code="b">304128163</subfield>
  </datafield>
  <datafield tag="029" ind1="1" ind2=" ">
    <subfield code="a">AU@</subfield>
    <subfield code="b">000041324187</subfield>
  </datafield>
  <datafield tag="035" ind1=" " ind2=" ">
    <subfield code="a">(OCoLC)ocm82861470</subfield>
  </datafield>
  <datafield tag="035" ind1=" " ind2=" ">
    <subfield code="a">(OCoLC)82861470</subfield>
    <subfield code="z">(OCoLC)82772226</subfield>
  </datafield>
  <datafield tag="035" ind1=" " ind2=" ">
    <subfield code="a">(NNC)6700122</subfield>
  </datafield>
  <datafield tag="040" ind1=" " ind2=" ">
    <subfield code="a">DLC</subfield>
    <subfield code="c">DLC</subfield>
    <subfield code="d">SISMU</subfield>
    <subfield code="d">YDXCP</subfield>
    <subfield code="d">BAKER</subfield>
    <subfield code="d">BTCTA</subfield>
    <subfield code="d">UKM</subfield>
    <subfield code="d">NLGGC</subfield>
    <subfield code="d">OrLoB-B</subfield>
  </datafield>
  <datafield tag="050" ind1="0" ind2="0">
    <subfield code="a">HF1411</subfield>
    <subfield code="b">.S239 2007</subfield>
  </datafield>
  <datafield tag="082" ind1="0" ind2="4">
    <subfield code="a">337</subfield>
    <subfield code="2">22</subfield>
  </datafield>
  <datafield tag="084" ind1=" " ind2=" ">
    <subfield code="a">83.40</subfield>
    <subfield code="2">bcl</subfield>
  </datafield>
  <datafield tag="100" ind1="1" ind2=" ">
    <subfield code="a">Salvatore, Dominick.</subfield>
  </datafield>
  <datafield tag="245" ind1="1" ind2="0">
    <subfield code="a">International economics / trade and finance</subfield>
    <subfield code="c">Dominick Salvatore.</subfield>
  </datafield>
  <datafield tag="250" ind1=" " ind2=" ">
    <subfield code="a">11th ed.</subfield>
  </datafield>
  <datafield tag="260" ind1=" " ind2=" ">
    <subfield code="a">[New York] :</subfield>
    <subfield code="b">J. Wiley,</subfield>
    <subfield code="c">c2014.</subfield>
  </datafield>
  <datafield tag="300" ind1=" " ind2=" ">
    <subfield code="a">xxvi, 757 p. :</subfield>
    <subfield code="b">ill. (some col.), col. map ;</subfield>
    <subfield code="c">25 cm.</subfield>
  </datafield>
  <datafield tag="500" ind1=" " ind2=" ">
    <subfield code="a">Map on lining paper.</subfield>
  </datafield>
  <datafield tag="504" ind1=" " ind2=" ">
    <subfield code="a">Includes bibliographical references and index.</subfield>
  </datafield>
  <datafield tag="505" ind1="0" ind2="0">
    <subfield code="g">Ch. 1.</subfield>
    <subfield code="t">Introduction -- </subfield>
    <subfield code="g">Ch. 2.</subfield>
    <subfield code="t">The law of comparative advantage -- </subfield>
    <subfield code="g">Ch. 3.</subfield>
    <subfield code="t">The standard theory of international trade -- </subfield>
    <subfield code="g">Ch. 4.</subfield>
    <subfield code="t">Demand and supply, offer curves, and the terms of trade -- </subfield>
    <subfield code="g">Ch. 5.</subfield>
    <subfield code="t">Factor endowments and the Heckscher-Ohlin theory -- </subfield>
    <subfield code="g">Ch. 6.</subfield>
    <subfield code="t">Economies of scale, imperfect competition, and international trade -- </subfield>
    <subfield code="g">Ch. 7.</subfield>
    <subfield code="t">Economic growth and international trade -- </subfield>
    <subfield code="g">Ch. 8.</subfield>
    <subfield code="t">Trade restrictions : tariffs -- </subfield>
    <subfield code="g">Ch. 9.</subfield>
    <subfield code="t">Nontariff trade barriers and the new protectionism -- </subfield>
    <subfield code="g">Ch. 10.</subfield>
    <subfield code="t">Economic integration : customs unions and free trade areas -- </subfield>
    <subfield code="g">Ch. 11.</subfield>
    <subfield code="t">International trade and economic development -- </subfield>
    <subfield code="g">Ch. 12.</subfield>
    <subfield code="t">International resource movements and multinational corporations -- </subfield>
    <subfield code="g">Ch. 13.</subfield>
    <subfield code="t">Balance of payments -- </subfield>
    <subfield code="g">Ch. 14.</subfield>
    <subfield code="t">Foreign exchange markets and exchange rates -- </subfield>
    <subfield code="g">Ch. 15.</subfield>
    <subfield code="t">Exchange rate determination -- </subfield>
    <subfield code="g">Ch. 16.</subfield>
    <subfield code="t">The price adjustment mechanism with flexible and fixed exchange rates -- </subfield>
    <subfield code="g">Ch. 17.</subfield>
    <subfield code="t">The income adjustment mechanism and synthesis of automatic adjustments -- </subfield>
    <subfield code="g">Ch. 18.</subfield>
    <subfield code="t">Open-economy macroeconomics : adjustment policies -- </subfield>
    <subfield code="g">Ch. 19.</subfield>
    <subfield code="t">Prices and output in an open economy : aggregate demand and aggregate supply -- </subfield>
    <subfield code="g">Ch. 20.</subfield>
    <subfield code="t">Flexible versus fixed exchange rates, the European monetary system, and macroeconomic policy coordination -- </subfield>
    <subfield code="g">Ch. 21.</subfield>
    <subfield code="t">The international monetary system : past, present, and future.</subfield>
  </datafield>
  <datafield tag="650" ind1=" " ind2="0">
    <subfield code="a">International economic relations.</subfield>
  </datafield>
  <datafield tag="650" ind1="1" ind2="7">
    <subfield code="a">Internationale economische betrekkingen.</subfield>
    <subfield code="2">gtt</subfield>
  </datafield>
  <datafield tag="856" ind1="4" ind2="2">
    <subfield code="3">Publisher description</subfield>
    <subfield code="u">http://www.loc.gov/catdir/enhancements/fy0814/2007271322-d.html</subfield>
  </datafield>
  <datafield tag="856" ind1="4" ind2="1">
    <subfield code="3">Table of contents only</subfield>
    <subfield code="u">http://www.loc.gov/catdir/enhancements/fy0814/2007271322-t.html</subfield>
  </datafield>
  <datafield tag="900" ind1=" " ind2=" ">
    <subfield code="b">TOC</subfield>
  </datafield>
  <datafield tag="942" ind1=" " ind2=" ">
    <subfield code="2">ddc</subfield>
    <subfield code="c">BK</subfield>
  </datafield>
  <datafield tag="948" ind1="1" ind2=" ">
    <subfield code="a">20080616</subfield>
    <subfield code="b">c</subfield>
    <subfield code="c">sds12</subfield>
    <subfield code="d">MPS</subfield>
  </datafield>
  <datafield tag="999" ind1=" " ind2=" ">
    <subfield code="c">3328</subfield>
    <subfield code="d">3328</subfield>
  </datafield>
  <datafield tag="952" ind1=" " ind2=" ">
    <subfield code="0">0</subfield>
    <subfield code="1">0</subfield>
    <subfield code="2">ddc</subfield>
    <subfield code="4">0</subfield>
    <subfield code="7">0</subfield>
    <subfield code="8">NFIC</subfield>
    <subfield code="a">CL</subfield>
    <subfield code="b">CL</subfield>
    <subfield code="c">GEN</subfield>
    <subfield code="d">2016-06-02</subfield>
    <subfield code="l">2</subfield>
    <subfield code="o">337 SAL</subfield>
    <subfield code="p">S3H-S-523</subfield>
    <subfield code="r">2025-01-14</subfield>
    <subfield code="s">2025-01-14</subfield>
    <subfield code="w">2016-06-02</subfield>
    <subfield code="y">BK</subfield>
  </datafield>
</record>
